| 000 | 00535nam a2200181Ia 4500 | ||
|---|---|---|---|
| 008 | 100920s9999 xx 000 0 und d | ||
| 082 |
_b50893 _a891.463.1 थ 86 |
||
| 100 | _aपानवलकर श्री.दा. | ||
| 245 | _aसूर्य. | ||
| 260 |
_bमौज प्रकाशन-गृह,मुंबई. _c1986 |
||
| 300 |
_a207 _bसाधी |
||
| 365 | _b45 | ||
| 520 | _aलघुकथा. | ||
| 630 | _aसूर्य. | ||
| 650 | _aलघुकथा. | ||
| 730 | _aसूर्य. | ||
| 942 | _cBOOK | ||
| 999 |
_c696949 _d696946 |
||